Návrh zmien v oblasti systému hodnotenia zamestnancov v organizácii Mestský úrad Humenné diplomová práca

Saved in:
Bibliographic Details
Main Author: Gejdošová, Danka
Corporate Author: Podnikovohospodárska fakulta EU so sídlom v Košiciach. Katedra manažmentu
Other Authors: Olexová, Cecília, 1976-
Format: Book
Language:Slovak
Published: Košice 2008
Tags: Add Tag
No Tags, Be the first to tag this record!

MARC

LEADER 00000nam$a2200000$$$4500
001 0080066
005 20240201115804.9
041 0 |a slo 
044 |a SK 
245 1 0 |a Návrh zmien v oblasti systému hodnotenia zamestnancov v organizácii Mestský úrad Humenné  |b diplomová práca  |c Danka Gejdošová ; škol. Cecília Olexová 
264 1 |a Košice  |c 2008 
300 |a 76 s. 
100 1 |a Gejdošová, Danka 
700 1 |a Olexová, Cecília, 1976- 
710 2 |a Podnikovohospodárska fakulta EU so sídlom v Košiciach. Katedra manažmentu